LEADER 00884nam0 2200265 450 001 000022377 005 20090202140636.0 010 $a88-08-10426-5 100 $a20090202d1997----km-y0itay50------ba 101 0 $aita 102 $aIT 105 $ay-------001yy 200 1 $a<>nuova grammatica della lingua italiana$fdi Maurizio Dardano e Pietro Trifone 210 $aBologna$cZanichelli$d1997 215 $aXVIII, 746 p.$d25 cm 500 10$a<>nuova grammatica della lingua italiana$947307 610 1 $aLingua italiana$aGrammatica$aManuali 676 $a415$v21$9Grammatica 700 1$aDardano,$bMaurizio$4070$0124754 701 1$aTrifone,$bPietro$4070$0151781 801 0$aIT$bUNIPARTHENOPE$c200900202$gRICA$2UNIMARC 912 $a000022377 951 $aS 415/5$bS C, 1117$cDSA$d2009 996 $aNuova grammatica della lingua italiana$947307 997 $aUNIPARTHENOPE LEADER 00896nam0 22002411i 450 001 UON00134741 005 20231205102815.603 100 $a20020107d1962 |0itac50 ba 101 $atam 102 $aIN 105 $a|||| 1|||| 200 1 $aMistar Vempu$fGomathi Swaminathan 210 $a[s.l.]$c[s.n.]$d1962 215 $a129 p.$d19 cm 686 $aSI VI LCX$cSUBCONT. INDIANO - LETTERATURA TAMIL - PERIODO MODERNO - TESTI$2A 700 1$aSWAMINATHAN$bGomathi$3UONV081991$00 790 1$aSVAMINATAN, Komati$zSWAMINATHAN, Gomathi$3UONV090455 801 $aIT$bSOL$c20240220$gRICA 899 $aSIBA - SISTEMA BIBLIOTECARIO DI ATENEO$2UONSI 912 $aUON00134741 950 $aSIBA - SISTEMA BIBLIOTECARIO DI ATENEO$dSI SI VI LCX 185 $eSI SA 58511 5 185 996 $aMistar Vempu$91315017 997 $aUNIOR